L'Alsace retrouvée. (Record no. 2805)

MARC details
000 -LEADER
fixed length control field 00761cam a22002291 4500
001 - CONTROL NUMBER
control field af 47004810
003 - CONTROL NUMBER IDENTIFIER
control field DLC
005 - DATE AND TIME OF LATEST TRANSACTION
control field 20260227110828.0
008 - FIXED-LENGTH DATA ELEMENTS--GENERAL INFORMATION
fixed length control field 850318s1945 fr abc 000 0 fre c
010 ## - LIBRARY OF CONGRESS CONTROL NUMBER
LC control number af 47004810
035 ## - SYSTEM CONTROL NUMBER
System control number (OCoLC)11816831
040 ## - CATALOGING SOURCE
Original cataloging agency New York. Public Library
Transcribing agency FMU
Modifying agency FMU
-- DLC
050 00 - LIBRARY OF CONGRESS CALL NUMBER
Classification number D762.A4
Item number W6
100 1# - MAIN ENTRY--PERSONAL NAME
Personal name Woerly, Clément.
245 12 - TITLE STATEMENT
Title L'Alsace retrouvée.
Statement of responsibility, etc. Préface du capitaine Jacques d'Alsace.
260 ## - PUBLICATION, DISTRIBUTION, ETC.
Place of publication, distribution, etc. Paris,
Name of publisher, distributor, etc. S.E.P.E.
Date of publication, distribution, etc. [1945]
300 ## - PHYSICAL DESCRIPTION
Extent [64] p.
Other physical details illus. (incl. ports., maps)
Dimensions 24 cm.
490 0# - SERIES STATEMENT
Series statement [Collection "Les Épopées françaises,"
Volume/sequential designation 2]
650 #0 - SUBJECT ADDED ENTRY--TOPICAL TERM
Topical term or geographic name entry element World War, 1939-1945
Geographic subdivision France
-- Alsace.
650 #0 - SUBJECT ADDED ENTRY--TOPICAL TERM
Topical term or geographic name entry element World War, 1939-1945
Geographic subdivision France
-- Lorraine.
650 #0 - SUBJECT ADDED ENTRY--TOPICAL TERM
Topical term or geographic name entry element World War, 1939-1945
General subdivision Pictorial works.

No items available.

Powered by Koha